000
00270 a2200121 4500
005
20250623142705.0
082
_a
9191 CHE
100
_a
CHENGE, A. J.
245
_a
The Income Tax Act, 1973
260
_a
Dar es Salaam,
_c
1973
300
_a
1974p.;
_c
29cm
942
_2
ddc
_c
BKS
999
_c
4679
_d
4679